000 00509nam a2200193Ia 4500
999 _c14824
_d14824
003 OSt
005 20201020125142.0
008 190216s9999||||xx |||||||||||||| ||und||
020 _a9781846841637
040 _coclc
082 _a194
_bGAS/S
100 _aGaston, Sean
_95987
245 0 _aStarting With Derrida /
_cSean Gaston
250 _a1st Edi.
260 _bContinuum ,
_c2008.
_aLondon:
300 _a223p
650 _aEnglish
942 _cBK
_2ddc
_h194
_iGAS/S
_k194
_mGAS/S